KOHA-Header-6

Applied Mathematics for Business Economics and School Science (Record no. 2163)

000 -LEADER
fixed length control field 00406nam a2200157Ia 4500
003 - CONTROL NUMBER IDENTIFIER
control field OSt
005 - DATE AND TIME OF LATEST TRANSACTION
control field 20190919154510.0
008 - FIXED-LENGTH DATA ELEMENTS--GENERAL INFORMATION
fixed length control field 190802s9999 xx 000 0 und d
020 ## - INTERNATIONAL STANDARD BOOK NUMBER
International Standard Book Number 978-0-07-070655-2.
040 ## - CATALOGING SOURCE
Transcribing agency maju
100 ## - MAIN ENTRY--PERSONAL NAME
Personal name Frank S.Budnick
245 #0 - TITLE STATEMENT
Title Applied Mathematics for Business Economics and School Science
260 ## - PUBLICATION, DISTRIBUTION, ETC. (IMPRINT)
Place of publication, distribution, etc New York
Name of publisher, distributor, etc Macmillan
Date of publication, distribution, etc 1993
300 ## - PHYSICAL DESCRIPTION
Extent 993:p
942 ## - ADDED ENTRY ELEMENTS (KOHA)
Koha item type Books
Source of classification or shelving scheme
Holdings
Withdrawn status Lost status Damaged status Not for loan Collection code Permanent Location Current Location Shelving location Date acquired Total Checkouts Total Renewals Full call number Barcode Date last seen Date checked out Price effective from Koha item type
        Mathematics MAJU MAJU Shelf No.B31 2019-08-03 19 23 510 8786 2024-03-25 2024-03-13 2019-08-03 Mathematics

Powered by Koha